00689nam a2200205Ia 4500008004100000100002000041245011800061260001100179300002000190440004500210521000800255650003100263650001900294650002200313650001900335650001900354942000700373999001900380952008400399140626s9999 xx 000 0 und d aEggers, Thomas. aNursing staff's understanding expressions of people with advanced dementia disease /cThomas Eggers ... [et al.]. cc2013. a27 : 1, page 19 aResearch and Theory for Nursing Practice aNUR aAdvanced dementia disease. aCommunication. aContent analysis. aNursing staff. aUnderstanding. cSE c121389d121389 001040aCLbCLcPERd2014-06-26l0pS0497r2014-06-26 00:00:00w2014-06-26ySE